Caricamento...

ഊരാളിക്കുടി /

Dettagli Bibliografici
Autore principale: Narayan
Natura: Printed Book
Lingua:Malayalam
Pubblicazione: Kottayam: Sahithya pravarthaka co-operative society, 2015.
Edizione:5th ed.
LEADER 00597nam a22001697a 4500
008 170504b xxu||||| |||| 00| 0 mal d
999 |c 235949  |d 235949 
020 |a 9789385725951 
082 |a 853.3N3 OOR 
100 |a Narayan 
245 |a ഊരാളിക്കുടി /  |c by Narayan. 
250 |a 5th ed. 
260 |b Sahithya pravarthaka co-operative society,  |a Kottayam:  |c 2015. 
300 |a 169p. 
942 |c BK  |2 ddc 
246 |a Ooralikkudi 
952 |0 0  |1 0  |4 0  |6 853_000000000000000_3N3_OOR  |7 0  |9 261922  |a MAL  |b MAL  |c ST1  |d 2017-05-04  |g 150.00  |l 4  |o 853.3N3 OOR  |p MAL39653  |r 2020-02-11  |s 2019-12-24  |w 2017-05-04  |y BK